Króle Strzelców La liga 1999/00 - 2021/22 - Statystyki

Ogólne statystyki
  • Ten quiz został rozwiązany 247 razy
  • Średni wynik to 14 z 23
Statystyki odpowiedzi
Odpowiedź % Poprawnych
2010/11 Cristiano Ronaldo
94%
2013/14 Cristiano Ronaldo
94%
2014/15 Cristiano Ronaldo
94%
2009/10 Lionel Messi
91%
2011/12 Lionel Messi
91%
2012/13 Lionel Messi
91%
2016/17 Lionel Messi
91%
2017/18 Lionel Messi
91%
2018/19 Lionel Messi
91%
2019/20 Lionel Messi
91%
2020/21 Lionel Messi
91%
2003/04 Ronaldo
89%
2015/16 Luis Suárez
79%
2021/22 Karim Benzema
77%
2000/01 Raul
54%
2005/06 Samuel Etoo
34%
2004/05 Diego Forlan
27%
2008/09 Diego Forlan
27%
2006/07 Ruud van Nistelrooy
14%
2002/03 Roy Makaay
9%
2001/02 Diego Tristan
6%
2007/08 Dani Guiza
3%
1999/00 Salva Ballesta
1%
Nie znaleziono quizów pasujących do podanych kryteriów
Rozkład punktacji
Procent ludzi z każdym wynikiem
Percentyl według liczby udzielonych odpowiedzi
Twoja historia wyników
Nie rozwiązałeś tego quizu